[Event "World Men Chanpionship"]
[Site "?"]
[Date "2005.10.09"]
[Round "10.3"]
[White "Kasimdzhanov Rustam"]
[Black "Polgar Judit"]
[Result "1-0"]
[WhiteElo "2670"]
[BlackElo "2735"]
[PlyCount "93"]
[EventDate "2005.??.??"]
[Source "www.chesslib.no"]
[SourceDate "2004.05.04"]

1. e4 c5 2. Nf3 d6 3. d4 cxd4 4. Nxd4 Nf6 5. Nc3 a6 6. Be2 e6 7. a4 Be7 8. O-O Nc6 9. Be3 O-O 10. f4 Bd7 11. Nb3 b6 12. Bf3 Qc7 13. g4 Bc8 14. g5 Nd7 15. Bg2 Re8 16. Rf3 Bf8 17. Rh3 g6 18. Qe1 Nb4 19. Qf2 Rb8 20. Rf1 f5 21. exf5 gxf5 22. Bd4 Re7 23. Re1 e5 24. Nd5 Nxd5 25. Bxd5+ Kh8 26. Bc3 Bb7 27. Bxb7 Qxb7 28. Nd4 Rf7 29. Qh4 b5 30. Nxf5 d5 31. g6 Qb6+ 32. Kh1 Qxg6 33. Rxe5 Nxe5 34. Bxe5+ Bg7 35. Nxg7 Rxg7 36. Bxg7+ Qxg7 37. axb5 axb5 38. c3 Qg6 39. f5 Qg7 40. Re3 Ra8 41. Qe1 Qf7 42. Qd1 Qg7 43. b4 h6 44. Qe1 Ra7 45. f6 Qxf6 46. Re8+ Kh7 47. Qb1+ 1-0

[Event "Tilburg"]
[Site "?"]
[Date "1986.??.??"]
[Round "?"]
[White "Karpov, An"]
[Black "Ljubojevic, Lj"]
[Result "1/2-1/2"]
[WhiteElo "2705"]
[BlackElo "2600"]
[PlyCount "68"]
[EventDate "1986.??.??"]
[Source "ChessBase"]
[SourceDate "1986.07.01"]

1. e4 c5 2. Nf3 d6 3. d4 cxd4 4. Nxd4 Nf6 5. Nc3 a6 6. Be3 e6 7. a4 Nc6 8. Be2 Be7 9. O-O O-O 10. f4 Bd7 11. Nb3 Na5 12. e5 Ne8 13. Nxa5 Qxa5 14. Qd2 Qc7 15. Bd4 f6 16. exf6 Nxf6 17. Qe3 Rae8 18. Kh1 Bd8 19. Rae1 Bc6 20. b3 Kh8 21. Bc4 e5 22. fxe5 Ng4 23. Rxf8+ Rxf8 24. Qh3 dxe5 25. Bd3 g6 26. Qxg4 exd4 27. Qxd4+ Bf6 28. Qb4 Qg7 29. Rf1 Be7 30. Rxf8+ Qxf8 31. Qd4+ Bf6 32. Qf2 Qd6 33. Ne4 Bxe4 34. Bxe4 Qd1+ 1/2-1/2

[Event "Monaco (blindfold)"]
[Site "?"]
[Date "1999.??.??"]
[Round "?"]
[White "Shirov, A."]
[Black "Ljubojevic, Lj"]
[Result "1-0"]
[WhiteElo "2725"]
[BlackElo "2570"]
[PlyCount "55"]
[EventDate "1999.??.??"]
[Source "Chess Informant"]
[SourceDate "1999.06.01"]

1. e4 c5 2. Nf3 d6 3. d4 cxd4 4. Nxd4 Nf6 5. Nc3 a6 6. Be3 Nc6 7. Be2 e6 8. f4 Qc7 9. Qd2 Be7 10. O-O-O O-O 11. g4 Nxd4 12. Qxd4 e5 13. Qd3 Bxg4 14. Bxg4 Nxg4 15. Nd5 Qd7 16. f5 Bd8 17. Rhg1 Nxe3 18. Qxe3 f6 19. h4 Qf7 20. h5 Kh8 21. Rg6 Rg8 22. Rdg1 h6 23. Nxf6 Bxf6 24. Rxh6+ gxh6 25. Qxh6+ Qh7 26. Qxf6+ Rg7 27. h6 Rag8 28. Rg6 1-0

[Event "Madrid ESP"]
[Site "Madrid ESP"]
[Date "1995.??.??"]
[Round "3"]
[White "Short, Nigel D"]
[Black "Polgar, Judit"]
[Result "0-1"]
[WhiteElo "2655"]
[BlackElo "2630"]
[PlyCount "42"]
[EventDate "1995.??.??"]
[Source "www.chesslib.no"]
[SourceDate "2004.05.04"]

1. e4 c5 2. Nf3 d6 3. d4 cxd4 4. Nxd4 Nf6 5. Nc3 e6 6. Be2 Be7 7. O-O O-O 8. f4 Nc6 9. Be3 e5 10. Nb3 a5 11. a3 Qc7 12. Rf2 Bd7 13. f5 h6 14. g4 Nh7 15. Qf1 Ra6 16. Nd2 Bg5 17. Rd1 Rc8 18. a4 Be6 19. Nc4 Qb8 20. Nd5 Bd8 21. Nxd6 Bxd5 0-1

[Event "Luzern ol (Men)"]
[Site "Lucerne SUI"]
[Date "1982.??.??"]
[Round "9"]
[White "Ljubojevic, Ljubomir"]
[Black "Timman, Jan H"]
[Result "1/2-1/2"]
[WhiteElo "2600"]
[BlackElo "2655"]
[PlyCount "47"]
[EventDate "1982.10.??"]
[Source "www.chesslib.no"]
[SourceDate "2004.05.04"]

1. e4 c5 2. Nf3 e6 3. d4 cxd4 4. Nxd4 Nf6 5. Nc3 d6 6. Be2 Be7 7. O-O O-O 8. Be3 Nc6 9. f4 e5 10. fxe5 dxe5 11. Nf5 Bxf5 12. Rxf5 Qxd1+ 13. Rxd1 g6 14. Rff1 Nd4 15. Bd3 Ng4 16. Nd5 Nxe3 17. Nxe3 Bg5 18. Nd5 h5 19. c3 Ne6 20. g3 h4 21. Kg2 Kg7 22. a4 Rad8 23. Bc2 Rc8 24. Nb4 1/2-1/2

[Event "Olympiad"]
[Site "Lucerne SUI"]
[Date "1982.??.??"]
[Round "?"]
[White "Timman, Jan Hein"]
[Black "Ljubojevic, Ljubomir"]
[Result "1/2-1/2"]
[WhiteElo "2655"]
[BlackElo "2600"]
[PlyCount "47"]
[EventDate "1982.??.??"]
[Source "www.chesslib.no"]
[SourceDate "2004.05.04"]

1. e4 c5 2. Nf3 e6 3. d4 cxd4 4. Nxd4 Nf6 5. Nc3 d6 6. Be2 Be7 7. O-O O-O 8. Be3 Nc6 9. f4 e5 10. fxe5 dxe5 11. Nf5 Bxf5 12. Rxf5 Qxd1+ 13. Rxd1 g6 14. Rff1 Nd4 15. Bd3 Ng4 16. Nd5 Nxe3 17. Nxe3 Bg5 18. Nd5 h5 19. c3 Ne6 20. g4 h4 21. Kg2 Kg7 22. a4 Rad8 23. Bc2 Rc8 24. Nb4 1/2-1/2

[Event "New York"]
[Site "?"]
[Date "1996.??.??"]
[Round "?"]
[White "Wolff, P."]
[Black "Salov, V."]
[Result "1/2-1/2"]
[WhiteElo "2565"]
[BlackElo "2670"]
[PlyCount "87"]
[EventDate "1996.??.??"]
[Source "ChessBase"]
[SourceDate "1996.02.01"]

1. e4 c5 2. Nf3 d6 3. d4 cxd4 4. Nxd4 Nf6 5. Nc3 e6 6. Be2 Be7 7. O-O Nc6 8. Be3 Bd7 9. Ndb5 Qb8 10. a4 O-O 11. Qd2 Rd8 12. f4 a6 13. Nd4 Nxd4 14. Bxd4 Bc6 15. Qe3 Nd7 16. e5 Qc7 17. Bd3 g6 18. Rae1 Re8 19. Qg3 f5 20. exf6 Bxf6 21. Bxf6 Nxf6 22. f5 exf5 23. Bxf5 Nh5 24. Rxe8+ Rxe8 25. Qg4 Qb6+ 26. Kh1 Kg7 27. Bd3 Qe3 28. b3 Re5 29. Nd1 Qd2 30. Nf2 Rg5 31. Qd4+ Nf6 32. Qxf6+ Kxf6 33. Ne4+ Ke7 34. Nxd2 Bxg2+ 35. Kg1 Bxf1+ 36. Kxf1 Rh5 37. Nf3 Rc5 38. Kf2 Kf6 39. Ke3 h6 40. Kd4 Re5 41. Bf1 Rf5 42. Ke3 g5 43. Bd3 Rc5 44. h3 1/2-1/2

[Event "It (Open) INT"]
[Site "?"]
[Date "2006.05.06"]
[Round "?"]
[White "Ovetchkin Roman"]
[Black "Rublevsky Sergei"]
[Result "0-1"]
[WhiteElo "2548"]
[BlackElo "2687"]
[PlyCount "88"]
[EventDate "2006.??.??"]
[Source "www.chesslib.no"]
[SourceDate "2004.05.04"]

1. e4 c5 2. Nf3 e6 3. Be2 Nc6 4. O-O Nf6 5. Nc3 d6 6. d4 cxd4 7. Nxd4 Be7 8. Be3 O-O 9. f4 e5 10. Nxc6 bxc6 11. fxe5 dxe5 12. Qxd8 Rxd8 13. Rad1 Be6 14. Rxd8+ Bxd8 15. h3 Bb6 16. Kf2 Kf8 17. Rd1 Ke7 18. Bxb6 axb6 19. a4 Nd7 20. Ke3 Nc5 21. b3 Nb7 22. Nb1 Nd6 23. c4 Nb7 24. Nc3 Na5 25. Rb1 Rd8 26. Bd3 h5 27. Bc2 h4 28. Rd1 Rf8 29. Ne2 g6 30. Ng1 g5 31. Nf3 f6 32. Nh2 c5 33. Nf1 Nc6 34. Rd2 Nd4 35. Bd1 f5 36. exf5 Rxf5 37. Bf3 Kf6 38. Rd3 e4 39. Rxd4 exf3 40. Rd1 fxg2 41. Nh2 Re5+ 42. Kf2 Bxh3 43. Nf3 Rf5 44. Ke3 Bg4 0-1

[Event "Campionato europeo 2007"]
[Site "Dresda GER"]
[Date "2007.04.12"]
[Round "9.7"]
[White "Nevednichy, Vladislav"]
[Black "Nisipeanu, Liviu-Dieter"]
[Result "1/2-1/2"]
[WhiteElo "2528"]
[BlackElo "2693"]
[PlyCount "47"]
[EventDate "2007.04.03"]
[Source "www.chesslib.no"]
[SourceDate "2004.05.04"]

1. e4 c5 2. Nf3 e6 3. d4 cxd4 4. Nxd4 Nf6 5. Nc3 d6 6. Be2 Be7 7. O-O Nc6 8. Kh1 O-O 9. f4 Qc7 10. Be3 Nxd4 11. Qxd4 b6 12. f5 Bb7 13. fxe6 fxe6 14. Qc4 Qxc4 15. Bxc4 d5 16. exd5 Nxd5 17. Nxd5 exd5 18. Bd3 Bc5 19. Bg1 d4 20. Bc4+ Kh8 21. Rxf8+ Rxf8 22. Re1 h6 23. a3 a5 24. Bd3 1/2-1/2

[Event "EU-ch 2nd"]
[Site "Ohrid"]
[Date "2001.06.06"]
[Round "6"]
[White "Nataf, Igor Alexandre"]
[Black "Movsesian, Sergei"]
[Result "0-1"]
[WhiteElo "2552"]
[BlackElo "2661"]
[PlyCount "80"]
[EventDate "2001.06.01"]
[Source "ChessBase"]
[SourceDate "2001.09.13"]

1. e4 c5 2. Nf3 d6 3. d4 cxd4 4. Nxd4 Nf6 5. Nc3 e6 6. Be2 Be7 7. O-O O-O 8. f4 Nc6 9. Be3 Bd7 10. Nb3 Rc8 11. Qe1 a6 12. Qg3 b5 13. Bd3 Qc7 14. Rae1 Rfd8 15. Kh1 g6 16. f5 Re8 17. Qh4 Qd8 18. Bg5 Rf8 19. Re3 Ne5 20. Rh3 h5 21. Be2 Kg7 22. Nd4 Rh8 23. Nd1 Neg4 24. Ne3 e5 25. Nb3 Nxe3 26. Rxe3 gxf5 27. Rg3 Kf8 28. exf5 Rxc2 29. Bd3 Rc8 30. Qb4 Bc6 31. Qd2 Ke8 32. Na5 Ba8 33. a4 h4 34. Rh3 Ne4 35. Bxe7 Nxd2 36. Bxd8 Nxf1 37. Bxh4 Rc1 38. Kg1 Ne3+ 39. Kf2 Nxg2 40. Nb3 Rc8 0-1

[Event "DEN Ch KO"]
[Site "?"]
[Date "2005.03.26"]
[Round "4.1"]
[White "Hansen Sune Berg"]
[Black "Hansen Curt"]
[Result "1-0"]
[WhiteElo "2553"]
[BlackElo "2633"]
[PlyCount "57"]
[EventDate "2005.??.??"]
[Source "www.chesslib.no"]
[SourceDate "2004.05.04"]

1. e4 c5 2. Nf3 d6 3. d4 cxd4 4. Nxd4 Nf6 5. Nc3 e6 6. Be2 Be7 7. O-O Nc6 8. Kh1 O-O 9. f4 Bd7 10. Nb3 Qc7 11. Bf3 Rfd8 12. Qe2 Be8 13. Bd2 a6 14. Rae1 b5 15. Nd5 exd5 16. exd5 Nxd5 17. Bxd5 Bf6 18. Ba5 Nxa5 19. Bxa8 h6 20. Bd5 Bxb2 21. Nxa5 Qxa5 22. Rf3 Bd7 23. Qe7 Be6 24. Rxe6 fxe6 25. Qxe6+ Kh7 26. c3 b4 27. Rh3 Bxc3 28. Be4+ Kh8 29. Qf7 1-0

[Event "JUG-chT"]
[Site "Tivat"]
[Date "1995.??.??"]
[Round "5"]
[White "Svidler, Peter"]
[Black "Maksimenko, Andrei"]
[Result "1-0"]
[WhiteElo "2635"]
[BlackElo "2550"]
[PlyCount "51"]
[EventDate "1995.??.??"]
[Source "ChessBase"]

1. e4 c5 2. Nf3 d6 3. d4 cxd4 4. Nxd4 Nf6 5. Nc3 a6 6. Be3 e6 7. Be2 Be7 8. f4 Nc6 9. Qd2 Qc7 10. O-O-O Na5 11. g4 Nc4 12. Bxc4 Qxc4 13. g5 Nd7 14. Kb1 b5 15. Rhe1 b4 16. Na4 Rb8 17. f5 Ne5 18. f6 gxf6 19. gxf6 Bd8 20. Bf4 Qc7 21. Bxe5 dxe5 22. Nc6 Bxf6 23. Nxb8 Qxb8 24. Nc5 Be7 25. Nd3 a5 26. Qh6 1-0

[Event "Moscow 5'"]
[Site "Moscow RUS"]
[Date "1972.??.??"]
[Round "?"]
[White "Lutikov, Anatoly S"]
[Black "Korchnoi, Viktor L"]
[Result "0-1"]
[WhiteElo "2545"]
[BlackElo "2640"]
[PlyCount "72"]
[EventDate "1972.??.??"]
[Source "www.chesslib.no"]
[SourceDate "2004.05.04"]

1. e4 c5 2. Nf3 e6 3. d4 cxd4 4. Nxd4 Nc6 5. Nc3 d6 6. Be3 Nf6 7. Be2 Be7 8. Qd2 Nxd4 9. Qxd4 O-O 10. O-O-O Bd7 11. g4 e5 12. Qd3 Bxg4 13. Rhg1 Bxe2 14. Qxe2 Kh8 15. Rg3 Rc8 16. Bd2 Rg8 17. f4 Qc7 18. Rh3 Qc4 19. Qf3 g6 20. fxe5 dxe5 21. Bg5 Rc6 22. Rd2 Rd8 23. Nd5 Qxa2 24. Kd1 Rxd5 25. exd5 Rd6 26. c3 h5 27. Kc2 Kg7 28. Qe3 Ng4 29. Bh6+ Kh7 30. Qf3 Nxh6 31. Qe4 Bg5 32. Rxh5 Bxd2 33. Rxe5 Bxc3 34. Kxc3 Qa5+ 35. Kc2 Qc7+ 36. Kb1 Nf5 0-1

[Event "Istanbul ol (Men)"]
[Site "Istanbul"]
[Date "2000.11.02"]
[Round "6"]
[White "Annageldyev, Orazly"]
[Black "Kasimdzhanov, Rustam"]
[Result "1/2-1/2"]
[WhiteElo "2491"]
[BlackElo "2690"]
[PlyCount "83"]
[EventDate "2000.10.??"]
[Source "www.chesslib.no"]
[SourceDate "2004.05.04"]

1. e4 c5 2. Nf3 e6 3. d4 cxd4 4. Nxd4 Nf6 5. Nc3 d6 6. Be2 Be7 7. O-O Nc6 8. Be3 O-O 9. f4 e5 10. Nb3 exf4 11. Bxf4 Be6 12. Kh1 d5 13. exd5 Nxd5 14. Nxd5 Qxd5 15. Bf3 Qc4 16. Be2 Qd5 17. Bf3 Qb5 18. Be4 Rad8 19. Qf3 Bd5 20. Bxd5 Qxd5 21. Qxd5 Rxd5 22. Rad1 Rfd8 23. Rxd5 Rxd5 24. c3 f5 25. g3 Bf6 26. Rf2 b5 27. Rd2 Rxd2 28. Nxd2 b4 29. Nb1 Kf7 30. cxb4 Nxb4 31. a3 Nd3 32. Be3 a6 33. b3 Ke6 34. Kg2 Kd5 35. Kf3 Ne1+ 36. Ke2 Nc2 37. Kd3 Nxe3 38. Kxe3 Bb2 39. Kd3 g5 40. b4 f4 41. gxf4 gxf4 42. a4 1/2-1/2

[Event "Helsinki"]
[Site "?"]
[Date "1992.??.??"]
[Round "?"]
[White "Kuzmin, G."]
[Black "Ehlvest, J."]
[Result "0-1"]
[WhiteElo "2530"]
[BlackElo "2635"]
[PlyCount "64"]
[EventDate "1992.??.??"]
[Source "ChessBase"]
[SourceDate "1992.06.01"]

1. e4 c5 2. Nf3 e6 3. d4 cxd4 4. Nxd4 Nf6 5. Nc3 d6 6. Be2 Be7 7. O-O Nc6 8. Be3 Bd7 9. Ndb5 Qb8 10. a4 O-O 11. Bf4 Ne5 12. Bg3 a6 13. Na3 Bc6 14. f4 Ned7 15. Bd3 Nc5 16. Qe2 b5 17. axb5 axb5 18. Bxb5 Ncxe4 19. Nxe4 Nxe4 20. Bxc6 Qb6+ 21. Bf2 Qxc6 22. Be3 d5 23. c4 Bf6 24. cxd5 exd5 25. Nb5 Rab8 26. Nd4 Qb6 27. Qd3 Rfe8 28. Rfc1 Nc5 29. Qa3 Rxe3 30. Qxe3 Nb3 31. Nf5 Qxe3+ 32. Nxe3 Bxb2 0-1

[Event "Hoogeveen Essent op"]
[Site "Hoogeveen"]
[Date "2000.10.17"]
[Round "5"]
[White "Dvoirys, Semen I"]
[Black "Ulibin, Mikhail"]
[Result "1/2-1/2"]
[WhiteElo "2562"]
[BlackElo "2583"]
[PlyCount "57"]
[EventDate "2000.10.13"]
[Source "ChessBase"]
[SourceDate "2000.11.10"]

1. e4 c5 2. Nf3 e6 3. d4 cxd4 4. Nxd4 Nf6 5. Nc3 d6 6. Be2 Be7 7. O-O O-O 8. f4 Nc6 9. Kh1 Nxd4 10. Qxd4 b6 11. Bf3 Bb7 12. Be3 d5 13. exd5 Nxd5 14. Nxd5 Bxd5 15. Bxd5 Bf6 16. Qd3 Qxd5 17. Qxd5 exd5 18. c3 Rfe8 19. Rf3 Rac8 20. Kg1 d4 21. Bxd4 Bxd4+ 22. cxd4 Re2 23. Rf2 Rxf2 24. Kxf2 Rc2+ 25. Kf3 Kf8 26. a4 a5 27. Rb1 Rc4 28. b3 Rxd4 29. Re1 1/2-1/2